00744nam a22002417a 4500003001100000005001700011008004100028020001500069040003900084041000800123082001600131245004000147250001200187260003400199300005600233650002100289700002800310700002400338700002700362942000700389952009100396999001500487LK-CoMWRAF20231022101025.0231022b2003 |||||||| |||| 00| 0 eng d a0072826711 aLK-CoMWRAFdLK-CoMWRAFeLK-CoMWRAF aeng a305.42bLEC aLectures on the psychology of women a3rd ed. aBoston:b McGraw-Hill, c2003 axvii, 397 p. : ill. ; 24 cm.bBibliography included aWOMEN-Psychology a Chrisler, Joan C.eed. a Golden, Carlaeed. aRozee, Patricia Deed. cBK 00104070aMAINbMAINd2023-10-22l0o305.42 LECpRAF1818r2023-10-22w2023-10-22yBK c3970d3970